000 00833nam a22002537a 4500
001 121739
003 UA-OsUOA
005 20220417145448.0
007 ta
008 20170328b un ||||| |||| 00| 0 ukr d
040 _aUA-OsUOA
_brus
_cUA-OsUOA
_dUA-OsUOA
041 _arus
080 _a821.161.1
090 _a821.161.1
_bП34
245 _aПисатели-декабристы в воспоминаниях современников
_bв 2-х т.
_cпод общ. ред. : В. Э. Вацуро, Я. Л. Левкович
260 _aМ.
_bХудож. лит.
_c1980
300 _a476 с.
505 _gТ. 1
591 _aДімаров А.
650 7 _a82 Література. Літературознавство
_2UDC
942 _cBK
_2udc
955 _a3
999 _c407544
_d407544